| 000 | 00350nam a2200145Ia 4500 | ||
|---|---|---|---|
| 008 | 191201s2005 xx 000 0 und d | ||
| 082 |
_a621.381958 _bPUD- |
||
| 100 | _aPURI, V K | ||
| 245 | 0 | _aDigital Electronics Circuits and Systems | |
| 250 | _a10th | ||
| 260 |
_aN.Delhi _bTMH _c2005 |
||
| 300 | _a446 | ||
| 650 | _aB.Tech(ECE) | ||
| 942 |
_2ddc _cBK |
||
| 999 |
_c1410 _d1410 |
||